Bytový dom, Špačince - Trnava

Gespeichert in:
Bibliographische Detailangaben
1. Verfasser: Belokostolská, Kristína (Verfasst von)
Weitere Verfasser: Szalayová, Sylvia (Betreuung Doktorarbeit)
Format: Manuskript Buch
Sprache:Slowakisch
Veröffentlicht: 2019
Schlagworte:
Online-Zugang:http://is.stuba.sk/zp/portal_zp.pl?podrobnosti=136798
https://opac.crzp.sk/?fn=detailBiblioForm&sid=7F8A1CD40EE33064DDD269190E37
Tags: Tag hinzufügen
Keine Tags, Fügen Sie das erste Tag hinzu!

MARC

LEADER 00000ntm a22000003a 4500
001 stuzp73915
003 SK-STU
005 20230525145008.9
007 ta
008 150427s2015----xo-----f-mn---000-0-slo-d
040 |a STU  |b slo 
041 0 |a slo 
100 1 |a Belokostolská, Kristína  |u 010270  |4 aut  |U SvF Stavebná fakulta  |T SvF Katedra technológie stavieb  |X 87399  |U V270  |Y 28  |7 87399 
242 0 1 |a Residential House, Špačince - Trnava  |y eng 
245 1 0 |a Bytový dom, Špačince - Trnava 
260 |c 2019 
650 4 |a Bakalárska práca  |2 slo 
650 4 |a Bytový dom  |2 slo 
650 4 |a intenzívna zelená plochá strecha  |2 slo 
650 4 |a Bachelord tresis  |2 eng 
650 4 |a Residential House  |2 eng 
650 4 |a Intensive green flat roof  |2 eng 
700 1 |a Szalayová, Sylvia  |u 010270  |k Z1  |4 ths  |U SvF Stavebná fakulta  |T SvF Katedra technológie stavieb  |X 961  |U V270  |Y 28  |7 A000000961 
856 4 |u http://is.stuba.sk/zp/portal_zp.pl?podrobnosti=136798 
856 4 |u https://opac.crzp.sk/?fn=detailBiblioForm&sid=7F8A1CD40EE33064DDD269190E37